Formel 1 Podium 1977 - Statistiken

Allgemein
  • Dieses Quiz wurde 63 mal gespielt
  • Das Durchschnittsergebnis liegt bei 8 aus 14
Antwortstatistiken
Antwort % Korrekt
Niki Lauda
100%
James Hunt
95%
Jody Scheckter
90%
Mario Andretti
81%
Alan Jones
79%
Carlos Reutemann
67%
Ronnie Peterson
60%
Jochen Mass
52%
Patrick Depailler
50%
Jacques Laffite
48%
John Watson
40%
Gunnar Nilsson
31%
Carlos Pace
26%
Hans-Joachim Stuck
19%
Keine übereinstimmenden Quizze gefunden
Verteilung der Resultate
Anzahl Personen mit jedem Resultat
Perzentil nach korrekt beantworteten Fragen
Ihre Resultats-Entwicklung
Sie haben dieses Quiz noch nicht gespielt